Concept on the restoration and development of forest resources in kratie district province, ទស្សនៈទានលើការស្តារ និងអភិវឌ្ឍន៍ធនធានព្រៃឈើក្នុងស្រុកក្រចេះ ខេត្តក្រចេះ (Record no. 3216)

000 -LEADER
fixed length control field 00659nam a22001577a 4500
003 - CONTROL NUMBER IDENTIFIER
control field OSt
005 - DATE AND TIME OF LATEST TRANSACTION
control field 20151106140932.0
008 - FIXED-LENGTH DATA ELEMENTS--GENERAL INFORMATION
fixed length control field 151106b xxu||||| |||| 00| 0 eng d
040 ## - CATALOGING SOURCE
Transcribing agency RUA
082 ## - DEWEY DECIMAL CLASSIFICATION NUMBER
Classification number FOR LIM 2000 B126 Or.1
100 ## - MAIN ENTRY--PERSONAL NAME
9 (RLIN) 3447
Personal name LIM, BUNNA.
245 ## - TITLE STATEMENT
Title Concept on the restoration and development of forest resources in kratie district province, ទស្សនៈទានលើការស្តារ និងអភិវឌ្ឍន៍ធនធានព្រៃឈើក្នុងស្រុកក្រចេះ ខេត្តក្រចេះ
260 ## - PUBLICATION, DISTRIBUTION, ETC. (IMPRINT)
Place of publication, distribution, etc. Phnom Penh
Name of publisher, distributor, etc. RUA
Date of publication, distribution, etc. 2000
300 ## - PHYSICAL DESCRIPTION
Extent 61p.
Other physical details ill.
Dimensions 29cm.
942 ## - ADDED ENTRY ELEMENTS (KOHA)
Source of classification or shelving scheme
Koha item type FOR
Holdings
Price effective from Date last seen Permanent Location Not for loan Date acquired Source of classification or shelving scheme Koha item type Barcode Lost status Damaged status Shelving location Withdrawn status Current Location Full call number
2015-11-062015-11-06Library Block B 2015-11-06 FORRUA002920  B126 Library Block BFOR LIM 2000 B126 Or.1
2015-11-062015-11-06Library Block B 2015-11-06 FORRUA002992  B126 Library Block BFOR LIM 2000 B126 Or.2
2015-11-062015-11-06Library Block B 2015-11-06 FORRUA002993  B126 Library Block BFOR LIM 2000 B126 Or.3
2015-11-062015-11-06Library Block B 2015-11-06 FORRUA002260  B126 Library Block BFOR LIM 2000 B126 Or.4
មជ្ឈមណ្ឌលឯការនៃសាកលវិទ្យាល័យភូមិន្ទកសិកម្មចំការដូង

Powered by Koha